pokemon 4 g ordre alphabetique - Statistiques

Statistiques générales
  • Ce quiz a été pris 37 fois
  • Le résultat moyen est 97 sur 107
Statistiques - réponses
Hint Réponse % Correct
107 arceus
100%
51 archeodong
100%
50 archeomire
100%
25 bastiodon
100%
74 blizzaroi
100%
73 blizzi
100%
2 boskara
100%
14 castorno
100%
23 charkos
100%
27 cheniselle
100%
26 cheniti
100%
5 chimpenfeu
100%
96 crefadet
100%
95 crefollet
100%
94 crehelf
100%
102 cresselia
100%
15 crikzik
100%
105 darkrai
100%
97 dialga
100%
12 etouraptor
100%
10 etourmi
100%
11 etourvol
100%
85 givrali
100%
13 keunotor
100%
62 lucario
100%
16 melokrik
100%
4 ouisticram
100%
9 pingoleon
100%
8 prinplouf
100%
6 simiabraz
100%
7 tiplouf
100%
3 torterra
100%
1 tortipouss
100%
30 apireine
94%
29 apitrini
94%
72 babimanta
94%
39 baudrive
94%
68 coatox
94%
77 coudlangue
94%
67 cradopaud
94%
75 dimoret
94%
24 dinoclier
94%
80 elekable
94%
89 gallame
94%
101 giratina
94%
99 heatran
94%
18 luxio
94%
104 manaphy
94%
31 pachirisu
94%
28 papilord
94%
103 phione
94%
84 phyllali
94%
100 regigigas
94%
61 riolu
94%
83 yanmega
94%
79 bouldeneu
88%
59 carchacrok
88%
58 carmache
88%
66 drascore
88%
70 ecayon
88%
57 griknot
88%
40 grodrive
88%
64 hippodocus
88%
63 hippopotas
88%
22 kranidos
88%
17 lixy
88%
71 lumineon
88%
19 luxray
88%
43 magireve
88%
76 magnezone
88%
93 motisma
88%
32 mustebouee
88%
33 musteflott
88%
98 palkia
88%
21 roserade
88%
20 rozbouton
88%
106 shaymin
88%
82 togekiss
88%
38 capidextre
82%
46 chaffreux
82%
45 chaglam
82%
44 corboss
82%
47 korillon
82%
41 laporeille
82%
42 lockpin
82%
81 maganon
82%
52 manzai
82%
92 momartik
82%
49 moufflair
82%
48 moufouette
82%
91 noctunoir
82%
54 ptiravi
82%
65 rapion
82%
34 ceribou
76%
35 ceriflor
76%
60 goinfrex
76%
53 mime jr
76%
78 rhinastoc
76%
56 spiritomb
76%
69 vortente
76%
87 mammochon
71%
55 pijako
71%
88 porygon z
71%
36 sancoki
71%
37 tritosor
71%
86 scorvol
65%
90 tarinorme
65%
Aucun quiz correspondant
Distribution des résultats
% des personnes avec chaque résultat
Percentile par nombre de réponses
Votre historique - résultats
Vous n’avez pas pris ce quiz